Marketingová štúdia produktov Kúpeľov Vyšné Ružbachy pre špecifickú cieľovú skupinu diplomová práca

Guardado en:
Detalles Bibliográficos
Autor principal: Kavečanky, Martin
Autor Corporativo: Obchodná fakulta EU. Katedra marketingu
Otros Autores: Filo, Peter
Formato: Libro
Lenguaje:eslovaco
Publicado: Bratislava 2013
Etiquetas: Agregar Etiqueta
Sin Etiquetas, Sea el primero en etiquetar este registro!

MARC

LEADER 00000nbm a2200000 4500
001 0169352
005 20161109102258.2
041 0 |a slo 
044 |a SK 
245 1 0 |a Marketingová štúdia produktov Kúpeľov Vyšné Ružbachy pre špecifickú cieľovú skupinu  |b diplomová práca  |c Martin Kavečanky ; školiteľ: Mária Hasprová 
264 1 |a Bratislava  |c 2013 
300 |a 88 s. 
100 1 |a Kavečanky, Martin 
700 1 |a Filo, Peter 
710 2 |a Obchodná fakulta EU. Katedra marketingu